| 000 | 01273nam a22003730a 4500 | ||
|---|---|---|---|
| 001 | PT7719 | ||
| 003 | AR-LpoUNG | ||
| 005 | 20210131232222.0 | ||
| 008 | 191001s2002||||ag |||||||||||||||||spa d | ||
| 020 |
_a9871013086 _c$8.33 |
||
| 040 |
_aAR-LpoUNG _bspa _cAR-LpoUNG _eaacr |
||
| 041 | _aspa | ||
| 044 | _aag | ||
| 082 | 0 | _a982.063 574int | |
| 100 | 1 | _aSigal, Silvia | |
| 245 | 1 | 0 |
_aIntelectuales y poder en Argentina : _bla década del sesenta |
| 250 | _a1ra. ed. | ||
| 260 |
_aBuenos Aires : _bSiglo Veintiuno, _c2002. |
||
| 300 |
_aVII., 225 p. : _bil. |
||
| 520 | _a<p>En la primera parte se analiza el rol cuasi político de universitarios animados por una identidad reformista, del antiperonismo al compromiso con la modernización cultural de los años sesenta. La segunda parte examina la trayectoria de la intelectualidad progresista que culmina en los umbrales de los años setenta con la politización de la cultura.</p> | ||
| 650 | 4 | _aASPECTOS POLITICOS | |
| 650 | 4 | _aCUBA | |
| 650 | 4 | _aCULTURA | |
| 650 | 4 | _aESTADO | |
| 650 | 4 | _aINTELECTUALES | |
| 650 | 4 | _aNACION | |
| 650 | 4 | _aPODER POLITICO | |
| 650 | 4 | _aREVOLUCION | |
| 650 | 4 | _aSOCIEDAD | |
| 650 | 4 | _aUNIVERSIDADES | |
| 653 | _aPERONISMO | ||
| 905 | _a7719 | ||
| 942 | _cLSALA | ||
| 999 |
_c14389 _d14389 |
||